[Event "Vikings GM 1st"]
[Site "York"]
[Date "1999.12.19"]
[Round "7"]
[White "Rowson, Jonathan"]
[Black "Hodgson, Julian M"]
[Result "0-1"]
[WhiteElo "2490"]
[BlackElo "2605"]
[Annotator "Hecht,H"]
[PlyCount "96"]
[EventDate "1999.12.13"]
[EventType "tourn"]
[EventRounds "10"]
[EventCountry "ENG"]
[EventCategory "12"]
[SourceTitle "CBM 075"]
[Source "ChessBase"]
[SourceDate "2000.04.05"]
[SourceVersion "1"]
[SourceVersionDate "2000.04.05"]
[SourceQuality "1"]

1. e4 d5 2. exd5 Qxd5 3. Nc3 Qa5 4. d4 Nf6 5. Bd2 c6 6. Bd3 Qd8 7. Nge2 g6 8.
Bf4 Bg7 9. Qd2 O-O 10. O-O Nbd7 11. Rad1 c5 12. Bh6 Qb6 13. Bxg7 Kxg7 14. Na4
Qc6 15. Nxc5 Nxc5 16. dxc5 Qxc5 17. Qc3 Qxc3 18. Nxc3 Be6 19. Rd2 Rac8 20. Rfd1
Rc5 21. a3 Rfc8 22. f3 h6 23. Ne2 Bc4 24. Bxc4 Rxc4 25. c3 e6 26. Kf2 g5 27.
Rd8 R8c7 28. R1d4 R4c5 29. Ng3 Rb5 30. Rb4 Rd5 31. Rxd5 Nxd5 32. Ra4 Nf4 33.
Rd4 Rc6 34. Kf1 Rb6 35. Rd2 f5 36. Ne2 Nd5 37. Kf2 f4 38. g3 Kf6 39. gxf4 gxf4
40. b4 Ra6 41. c4 Ne3 42. Nxf4 Nxc4 43. Rd7 Rxa3 44. Rxb7 {[#] Taktik:
Springergabel, Fesselung, Abzugsschach} Ne5 {[%csl Rf3]} 45. Nh5+ Kg6 46. Ng7
Rxf3+ {[%csl Re6]} 47. Ke2 (47. Kg2 Rf7 48. Rb5 (48. Rxf7 Kxf7 49. Nh5 Nc6 50.
b5 Nd4 $19) 48... Rxg7 49. Rxe5 Kf6+ $19) 47... Rf7 48. Rb5 (48. Rxf7 Kxf7 49.
Nh5 Nc6 50. b5 Nd4+ $19) 48... Nc6 {[%csl Rg7][%cal Rc6d4]} (48... Nc6 49. Nxe6
(49. Rc5 Nxb4 50. Nxe6 Re7 51. Re5 Kf6 $19) 49... Re7 $19) 0-1

[Event "EU-chT (Men) 14th"]
[Site "Plovdiv"]
[Date "2003.10.13"]
[Round "3.2"]
[White "Spasov, Vasil"]
[Black "Belotti, Bruno"]
[Result "1-0"]
[WhiteElo "2543"]
[BlackElo "2426"]
[Annotator "Hecht,H"]
[PlyCount "146"]
[EventDate "2003.10.10"]
[EventType "team-swiss"]
[EventRounds "9"]
[EventCountry "BUL"]
[SourceTitle "CBM 098"]
[Source "ChessBase"]
[SourceDate "2004.02.03"]
[SourceVersion "1"]
[SourceVersionDate "2004.02.03"]
[SourceQuality "1"]
[WhiteTeam "Bulgaria"]
[BlackTeam "Italy"]
[WhiteTeamCountry "BUL"]
[BlackTeamCountry "ITA"]

1. e4 d5 2. exd5 Qxd5 3. Nc3 Qa5 4. d4 Nf6 5. Bd2 c6 6. Nf3 Bf5 7. Bc4 e6 8.
Ne4 Qc7 9. Nxf6+ gxf6 10. Qe2 Nd7 11. O-O-O O-O-O 12. Nh4 Bg6 13. c3 Nb6 14.
Bb3 c5 15. Nxg6 hxg6 16. dxc5 Bxc5 17. g3 Qc6 18. f3 Nd5 19. Kb1 Qb6 20. Bc1
Ne3 21. Rde1 Nd5 22. Rd1 Ne3 23. Rxd8+ Rxd8 24. Re1 Nd5 25. Rd1 Ne3 26. Rd3
Rxd3 27. Qxd3 Qd8 28. Qb5 Bb6 29. Ba4 Nf5 30. a3 a6 31. Qb4 Qd6 32. Qxd6 Nxd6
33. g4 Bf2 34. Kc2 e5 35. Kd3 Kc7 36. Bb3 Kc6 37. a4 b5 38. Bh6 Bh4 39. Bf8 f5
40. Bxd6 Kxd6 41. Bxf7 fxg4 42. fxg4 g5 43. a5 Kc7 44. Bd5 Be1 45. Bf3 Bf2 46.
Ke4 Be1 47. Be2 Bh4 48. Kxe5 {Wertlose weiße 1,5 Mehrbauern. Schwarz muss
seinen Läufer auf der Diagonalen e1-h4 halten, um h4 mit Freibauernbildung zu
verhindern, und den König auf c7, um a6 zu schützen.} Kc6 49. Bf3+ Kc7 50. Kd5
Be1 51. Be2 Bf2 52. h3 Kb7 53. Kd6 Bg3+ 54. Kc5 Bf2+ 55. Kd5 Kc7 56. Bd3 Kb7
57. Bg6 Kc7 58. Be8 Kb7 59. Kd6 Bg3+ {Ermöglicht das Opfer des weißen Läufers
gegen die Bauern a6 und b5. Alternativen:} (59... Be3 60. Bc6+ Kb8 61. h4 gxh4
62. Bg2 Bc1 63. b3 Bd2 64. c4 bxc4 65. bxc4 Bxa5 66. Kd7 $1 (66. g5 $2 Kc8 $1
67. g6 Bc3 68. c5 a5 69. Bh3+ Kd8 70. c6 Bb4+ 71. Ke6 Bc3 $11) 66... Bb4 67. g5
a5 68. g6 Bf8 69. c5 $18) (59... Ka7 60. Kc6 Be1 61. Bd7 Bf2 62. b3 Be1 63. c4
bxc4 64. bxc4 Bxa5 65. h4 gxh4 66. g5 $18 {wegen g6/Lh3/c5/Kd7/c6 und aus.})
60. Kc5 Bf2+ 61. Kb4 Kc7 62. Bxb5 axb5 63. Kxb5 Be1 64. c4 Bd2 65. b3 Be1 66.
b4 Bd2 $2 {Verpasst eine wichtige Verteidigungschance!} (66... Kb7 $1 67. c5
Bg3 68. c6+ (68. Ka4 Bf2 $1) (68. a6+ Ka7 $1) (68. Kc4 Be1 $1) 68... Kc7 69.
Ka6 Kxc6 70. b5+ Kc5 71. b6 Kc6 72. Ka7 Kb5 $1 (72... Bf2 $2 73. Ka8 Bxb6 74.
axb6 Kxb6 75. Kb8 Kc6 76. Kc8 Kd6 77. Kd8 Ke6 78. Ke8 Kf6 79. Kf8 Kg6 80. Ke7
$18) 73. b7 (73. a6 Bf2 74. Kb7 Bxb6 75. a7 Bxa7 76. Kxa7 Kc5 77. Kb7 Kd6 $1 (
77... Kd5 $2 78. Kc7 $18) 78. Kb6 Ke5 79. Kc5 Kf4 80. Kd4 Kg3 81. Ke4 Kxh3 82.
Kf3 Kh4 83. Kf2 Kxg4 84. Kg2 $11) 73... Kxa5 74. b8=Q Bxb8+ 75. Kxb8 Kb6 $11 {
Opposition!}) 67. a6 Be1 68. c5 Kb8 69. Kb6 $1 $18 {Dorthin wäre Weiß bei 66...
.Kb7 nie gelangt.} Bf2 70. b5 Be3 71. Kc6 Ka7 72. Kd6 Bf2 73. c6 Bb6 1-0

[Event "Ptuj zt"]
[Site "Ptuj"]
[Date "1995.??.??"]
[Round "12"]
[White "Luther, Thomas"]
[Black "Robatsch, Karl"]
[Result "1-0"]
[WhiteElo "2550"]
[BlackElo "2410"]
[Annotator "Hecht,H"]
[PlyCount "109"]
[EventDate "1995.04.??"]
[EventType "tourn"]
[EventRounds "15"]
[EventCountry "SLO"]
[EventCategory "10"]
[SourceTitle "CBM 047"]
[Source "ChessBase"]
[SourceDate "1995.08.01"]
[SourceVersion "1"]
[SourceVersionDate "1995.08.01"]
[SourceQuality "1"]

1. e4 d5 2. exd5 Nf6 3. d4 Nxd5 4. c4 Nb6 5. Nf3 g6 6. Nc3 Bg7 7. h3 O-O 8. Be2
c5 9. d5 e6 10. Bg5 Qd7 11. d6 Bxc3+ 12. bxc3 f6 13. Be3 Qc6 14. Qd2 e5 15. h4
h5 16. Nh2 Be6 17. Rg1 f5 18. Bh6 Rf6 19. Bg5 N8d7 20. Bxf6 Nxf6 21. Nf3 Ng4
22. Rd1 Rd8 23. Qg5 Qe8 24. Qe7 Qxe7 25. dxe7 Rxd1+ 26. Bxd1 Kf7 27. Ng5+ Kxe7
28. Nxe6 Kxe6 29. Bf3 e4 30. Bxg4 hxg4 31. f3 {R<->NP. 6P<->7P. Beidrseitige
Bauerschwächen.} Nxc4 (31... g3 32. fxe4 f4 (32... fxe4 33. Ke2 Nxc4 34. Rh1
Kf5 35. h5 gxh5 36. Rxh5+ Kf4 37. Rxc5 $18) 33. Ke2 Nxc4 34. Kf3 Ke5 35. Rd1
$18) (31... exf3 $5 32. gxf3 Nxc4 33. fxg4 fxg4 34. Rxg4 Ne5 35. Rg3 b5 $16)
32. fxg4 fxg4 33. Kf2 {Aktivierung des wK.} b5 34. Kg3 Nb6 35. Kxg4 Nd5 36. Kg5
Kf7 37. Rf1+ Kg7 38. Rd1 Nxc3 39. Rd7+ Kf8 40. Kxg6 e3 41. Rd3 e2 42. Rf3+ Ke7
43. Re3+ Kd6 44. h5 Nd5 45. Rxe2 Nf4+ 46. Kg5 Nxe2 47. h6 c4 48. h7 Kd5 49.
h8=Q {Q<->N+Freibauer} c3 50. Qc8 Kd4 51. Qd7+ Ke3 52. Qxa7+ Kd3 53. Qd7+ Nd4
54. Qh3+ Kd2 55. Kf4 1-0

[Event "Moscow Petrosian Memorial"]
[Site "Moscow"]
[Date "1995.??.??"]
[Round "3"]
[White "Iordachescu, Viorel"]
[Black "Vlassov, Nikolai"]
[Result "0-1"]
[WhiteElo "2425"]
[BlackElo "2465"]
[Annotator "Hecht,H"]
[PlyCount "112"]
[EventDate "1995.??.??"]
[EventType "tourn"]
[EventRounds "11"]
[EventCountry "RUS"]
[EventCategory "10"]
[SourceTitle "CBM 046"]
[Source "ChessBase"]
[SourceDate "1995.06.01"]
[SourceVersion "1"]
[SourceVersionDate "1995.06.01"]
[SourceQuality "1"]

1. e4 Nc6 2. Nf3 d5 3. exd5 Qxd5 4. Nc3 Qa5 5. d4 Bg4 6. Bb5 O-O-O 7. Bxc6 bxc6
8. h3 Qh5 9. Qd3 Bxf3 10. gxf3 e5 11. d5 Ne7 12. Bd2 cxd5 13. Qa6+ Kb8 14. Nb5
Nc8 15. Qc6 Bd6 16. O-O-O Qxf3 17. Be3 Qe4 18. Rhg1 Qc4 19. Qxc4 dxc4 20. Rxg7
f5 21. Rdg1 f4 22. Bd2 Bf8 23. R7g5 a6 24. Na3 Nb6 25. Rxe5 Bd6 26. Re4 Rhg8
27. Rxg8 Rxg8 28. Kd1 Rg1+ 29. Ke2 Bxa3 30. bxa3 Ra1 31. Bxf4 Rxa2 32. Kd2 Rxa3
33. Be3 c3+ 34. Kd3 Nd5 35. Kc4 Nxe3+ 36. Rxe3 Ra4+ 37. Kc5 Rf4 38. Rxc3 Rxf2
39. Kc6 (39. Kb4 $142 $1 Rf6 40. Kb3 Rb6+ 41. Ka3 Kb7 42. Rg3 $17 {mit
besseren Remischancen}) 39... Rf6+ 40. Kc5 Kb7 41. Kd5 Rd6+ 42. Ke5 a5 43. Rb3+
Rb6 44. Ra3 Rb5+ 45. Kd4 Kb6 46. Rf3 a4 47. Kc4 Rb2 48. Kc3 Rb1 49. Kc4 h5 50.
Rg3 Rb5 51. Rf3 c6 52. Re3 h4 53. Rf3 Rg5 54. Rf8 Rc5+ 55. Kb4 Rxc2 56. Rf4 a3
$1 0-1

[Event "Nagykanizsa 1st"]
[Site "Nagykanizsa"]
[Date "2003.11.10"]
[Round "6"]
[White "Vajda, Levente"]
[Black "Nevednichy, Vladislav"]
[Result "1-0"]
[WhiteElo "2537"]
[BlackElo "2575"]
[Annotator "Hecht,H"]
[PlyCount "147"]
[EventDate "2003.11.05"]
[EventType "tourn"]
[EventRounds "11"]
[EventCountry "HUN"]
[EventCategory "11"]
[SourceTitle "CBM 099"]
[Source "ChessBase"]
[SourceDate "2004.03.30"]
[SourceVersion "1"]
[SourceVersionDate "2004.03.30"]
[SourceQuality "1"]

1. e4 d5 2. exd5 Qxd5 3. Nc3 Qa5 4. d4 c6 5. Bc4 Bf5 6. Nf3 e6 7. O-O Nd7 8.
Re1 Ngf6 9. Bf4 Bb4 10. Bb3 O-O 11. a3 Bxc3 12. bxc3 c5 13. c4 cxd4 14. Nxd4
Bg4 15. Qc1 e5 16. Bd2 Qb6 17. Nb5 a6 18. Nc3 Rac8 19. Rb1 Qc7 20. Re3 Bf5 21.
Ba2 Be6 22. Rg3 Nh5 23. Rf3 b6 24. Rd3 Nc5 25. Re3 Nf4 26. Qe1 Nd7 27. Re4 Ng6
28. Rb2 Nf6 29. Re3 Rfd8 30. Bc1 Ng4 31. Rg3 Nf6 32. Bg5 Bxc4 33. Bxc4 Qxc4 34.
Bxf6 gxf6 35. Rxb6 Qd4 36. Rb4 Qd2 37. Qxd2 Rxd2 38. h4 h5 39. Ne4 Rd1+ 40. Kh2
Kg7 41. Rd3 Rxd3 42. cxd3 Rd8 43. Ra4 Rxd3 44. Rxa6 f5 45. Ng3 Nxh4 46. Nxh5+
Kf8 47. Ra5 Ng6 48. Ng3 f4 49. Nf5 Ke8 50. f3 Kd7 51. Nh6 f6 52. Ra7+ Ke6 53.
Ng8 Rd6 54. Rg7 Nf8 55. Re7+ Kf5 56. Re8 Nd7 57. Ne7+ Kg5 58. Rg8+ Kh5 59. Rd8
Kg5 60. Rg8+ Kh5 61. Rd8 Kg5 {[#] The ending starts with an uncompromising
race between the passed pawns and ends with a mating attack with pawns on one
side only. Tactics!  [#] Das Endspiel beginnt mit einem bedingungslosen
Freibauernrennen und mündet bei Bauern auf einem Flügel in einen Mattangriff.
Taktik!} 62. a4 f5 63. a5 e4 64. a6 e3 65. a7 e2 66. Rg8+ Kf6 67. a8=Q e1=Q 68.
Rg6+ Kxe7 69. Rg7+ Kf6 70. Qh8 $1 {[#] With his own king in safety, sets up
manifold threats on the opponent's king and queen such as Rxd7+ or Rg8+ or
even Qh6+.   [#] Stellt bei gesichertem König mannigfache Drohungen gegen
König und Dame auf wie Txd7+ oder Tg8+ oder auch Dh6+.} Qb4 $2 ({Shielding the
queen with Richtig war der Versteckzug} 70... Qf2 $1 {was correct, or perhaps
Qe3 where it was protected by the pawn. oder eventuell De3 mit Bauerndeckung
für die Dame.}) (70... Qh4+ $2 {on the other hand} 71. Qxh4+ Kxg7 72. Qe7+ {
doesn't save him. rettet dagegen nicht}) 71. Rxd7+ Ke6 72. Qe8+ Kd5 73. Qf7+
Kc5 $2 {hoping for Qxf5+ Kc6 Spekuliert auf Dxf5+ Kc6} ({Only Nur} 73... Kd4 {
or Ke5 allow any resistance. oder Ke5 ermöglichte Widerstand.}) 74. Rxd6 $1 1-0

[Event "DEN-ch"]
[Site "Nyborg"]
[Date "2001.04.15"]
[Round "9"]
[White "Pilgaard, Kim"]
[Black "Berg, Klaus"]
[Result "0-1"]
[WhiteElo "2413"]
[BlackElo "2418"]
[Annotator "Hecht,H"]
[PlyCount "104"]
[EventDate "2001.04.07"]
[EventType "tourn"]
[EventRounds "9"]
[EventCountry "DEN"]
[EventCategory "8"]
[SourceTitle "CBM 083"]
[Source "ChessBase"]
[SourceDate "2001.07.05"]
[SourceVersion "1"]
[SourceVersionDate "2001.07.05"]
[SourceQuality "1"]

1. e4 d5 2. exd5 Qxd5 3. Nc3 Qa5 4. Nf3 c6 5. d4 Bf5 6. Be2 Nf6 7. O-O e6 8.
Bf4 Nbd7 9. a3 Be7 10. b4 Qd8 11. Nh4 Bg6 12. Bf3 O-O 13. Nxg6 hxg6 14. b5 Rc8
15. bxc6 bxc6 16. Bg3 Qa5 17. Ne4 Nxe4 18. Bxe4 Nf6 19. Bf3 Rfd8 20. Be5 Nd7
21. Bf4 Nb6 22. Bd2 Qf5 23. c3 c5 24. Be3 cxd4 25. cxd4 Bf6 26. Rc1 Qa5 27.
Rxc8 Rxc8 28. Qa1 Rd8 29. Rd1 Qa4 30. g3 Nc4 31. Qa2 Nxe3 32. fxe3 Rc8 33. Qb2
Bg5 34. Rd3 Rc2 35. Qb3 Rc1+ 36. Kg2 Qa5 37. Qb4 Rc2+ 38. Kg1 Qf5 39. Qb8+ Kh7
40. Qb3 Qxf3 41. Qxc2 Bxe3+ 42. Rxe3 Qxe3+ 43. Qf2 Qxf2+ 44. Kxf2 {[#]
Realisierung eines Mehrbauern bei leicht geschwächter Bauernstruktur 
(Doppelbauer)} g5 45. Ke3 f5 46. a4 Kg6 47. a5 (47. h3 Kf6 48. a5 e5 49. g4 f4+
50. Ke4 exd4 51. Kxd4 Ke6 $19) 47... Kf6 48. a6 g4 49. Kf4 g5+ 50. Ke3 Ke7 51.
Kd3 Kd6 52. Kc4 Kc6 0-1

[Event "FIDE-Wch k.o."]
[Site "New Delhi/Teheran"]
[Date "2000.12.01"]
[Round "2.2"]
[White "Peng, Xiaomin"]
[Black "Adianto, Utut"]
[Result "0-1"]
[WhiteElo "2657"]
[BlackElo "2583"]
[Annotator "Hecht,H"]
[PlyCount "142"]
[EventDate "2000.11.27"]
[EventType "k.o."]
[EventRounds "7"]
[EventCountry "IND"]
[SourceTitle "CBM 081"]
[Source "ChessBase"]
[SourceDate "2001.03.20"]
[SourceVersion "1"]
[SourceVersionDate "2001.03.20"]
[SourceQuality "1"]

1. e4 d5 2. exd5 Nf6 3. Nf3 Nxd5 4. d4 g6 5. Be2 Bg7 6. O-O O-O 7. c3 Nd7 8.
Re1 c5 9. c4 N5f6 10. d5 b5 11. a4 bxc4 12. a5 Ba6 13. Nc3 Rb8 14. h3 Ne8 15.
Bf1 Nd6 16. Ra2 Nf5 17. Ne4 Nd4 18. Be3 Nxf3+ 19. Qxf3 Bd4 20. Qd1 Bxe3 21.
Rxe3 Rb4 22. Qd2 Qb8 23. d6 e6 24. h4 Qb7 25. h5 Rb8 26. Qc3 e5 27. hxg6 hxg6
28. Ng5 Qd5 29. Re1 Rb3 30. Qc2 Kg7 31. Rd1 Rd3 32. Raa1 Qxd6 33. Bxd3 cxd3 34.
Qc3 Qd5 35. Nh3 Rb3 36. Qd2 Bb7 37. f3 Qd4+ 38. Kh1 c4 39. Rab1 Nf6 40. Qf2 Qd5
41. Ng5 Qxa5 42. Qh4 Qc5 43. Rbc1 Bd5 44. Rc3 Rb8 45. Nh3 Qd4 46. Qf2 Be6 47.
Rd2 Bxh3 48. Qxd4 exd4 49. Rxc4 Bd7 50. Kg1 Bb5 51. Rxd4 Rc8 52. Kf2 Rc1 53. b4
a6 54. Ke3 Bc4 55. Rb2 Nd5+ 56. Kd2 Rg1 57. Rxc4 Rxg2+ 58. Kc1 Rxb2 59. Kxb2 d2
60. Rd4 Ne3 61. Rxd2 Nc4+ 62. Kc3 Nxd2 63. Kxd2 {[#]} Kf6 64. Kd3 Ke5 65. Kc4 {
Es gibt drei sichere Gewinnwege. Adianto wählt den umständlichsten.} Kd6 (65...
Kf4 66. Kc5 Kxf3 67. Kb6 g5 68. Kxa6 g4 69. b5 g3 70. b6 g2 71. b7 g1=Q 72.
b8=Q Qa1+ $19) (65... g5 66. Kc5 f5 67. Kb6 g4 68. fxg4 fxg4 69. Kxa6 g3 $19)
66. Kd4 g5 67. Ke4 Ke6 68. Kd4 f5 69. Kc5 g4 70. fxg4 fxg4 71. Kd4 g3 0-1

[Event "POL-ch 53rd"]
[Site "Brzeg Dolny"]
[Date "1996.??.??"]
[Round "3"]
[White "Socko, Bartosz"]
[Black "Kaminski, Marcin"]
[Result "1-0"]
[WhiteElo "2455"]
[BlackElo "2525"]
[Annotator "Hecht,H"]
[PlyCount "97"]
[EventDate "1996.03.09"]
[EventType "tourn"]
[EventRounds "15"]
[EventCountry "POL"]
[EventCategory "9"]
[SourceTitle "CBM 053"]
[Source "ChessBase"]
[SourceDate "1996.08.01"]
[SourceVersion "1"]
[SourceVersionDate "1996.08.01"]
[SourceQuality "1"]

1. e4 {King} d5 2. exd5 Nf6 3. d4 Nxd5 4. Nf3 Bf5 5. Be2 e6 6. O-O Be7 7. a3
O-O 8. c4 Nb6 9. Nc3 Nc6 10. b4 Bf6 11. Be3 Qe7 12. Qb3 Rfd8 13. Rad1 a5 14. b5
a4 15. Qa2 Na5 16. Ne5 Bxe5 17. dxe5 Nd7 18. f4 Nc5 19. Kh1 h6 20. Rxd8+ Rxd8
21. Rd1 Rxd1+ 22. Bxd1 Bd3 23. Qd2 Bg6 24. Nxa4 Nxa4 25. Qxa5 Nb2 26. Be2 Bd3
27. Bxd3 Nxd3 28. Qc3 Qd7 29. Qd2 b6 30. Kg1 Nc5 31. Qxd7 Nxd7 {[#] guter L i.
V. mit entferntem Freibauerkandidaten am D-Flügel, Nach Markieren der s
B-Schwäche b6, Einmarsch des w K am K-Flügel, Zugzwangmotive} 32. a4 Kf8 33. c5
Ke8 34. cxb6 cxb6 {[%csl Rb6]} 35. Kf2 {King: A simple win for White. It will
always be possible to break through on the kingside as Black is liable to run
out of moves with his knight is so passively placed.} Kd8 36. Kf3 h5 (36... Kc7
37. g4 g6 38. h3 f5 39. exf6 Nxf6 40. Bd4 $18) 37. Kg3 g6 38. Kh4 Ke7 39. Bd4
Ke8 40. Be3 Kd8 41. Kg5 Nc5 (41... Ke7 42. h3 $18 {Zugzwang}) 42. a5 Ne4+ 43.
Kh6 bxa5 44. Kg7 a4 45. Kxf7 Nc3 (45... a3 46. Kxe6 a2 47. Bd4 Nc5+ 48. Kf7 Nb3
49. Bb2 a1=Q 50. Bxa1 Nxa1 51. e6 $18) (45... Kd7 46. b6 $18) 46. Kxe6 a3 47.
Bc1 Nxb5 48. Kf7 a2 49. Bb2 1-0

[Event "Biel Credis"]
[Site "Biel"]
[Date "1996.??.??"]
[Round "9"]
[White "Landenbergue, Claude"]
[Black "Casagrande, Harald"]
[Result "1/2-1/2"]
[WhiteElo "2410"]
[BlackElo "2365"]
[Annotator "Hecht,H"]
[PlyCount "144"]
[EventDate "1996.07.22"]
[EventType "tourn"]
[EventRounds "11"]
[EventCountry "SUI"]
[EventCategory "10"]
[SourceTitle "CBM 055"]
[Source "ChessBase"]
[SourceDate "1996.12.01"]
[SourceVersion "1"]
[SourceVersionDate "1996.12.01"]
[SourceQuality "1"]

1. e4 d5 2. exd5 Qxd5 3. Nc3 Qa5 4. d4 e5 5. dxe5 Bb4 6. Nf3 Bg4 7. Bd2 Nc6 8.
a3 Nd4 9. Be2 Bxf3 10. Bxf3 Qxe5+ 11. Kf1 Bxc3 12. Bxc3 O-O-O 13. Bxd4 Rxd4 14.
Qe2 Qf6 15. c3 Rd6 16. g3 Ne7 17. Kg2 h5 18. h4 Re6 19. Qd2 Rd8 20. Bxb7+ Kxb7
21. Qxd8 Rd6 22. Qe8 Rd2 23. Qb5+ Kc8 24. Qc5 Nc6 25. Qe3 Ne5 26. Rhe1 Rxb2 27.
Rad1 Qc6+ 28. Qe4 Qxe4+ 29. Rxe4 Ng4 30. Re8+ Kb7 31. Rf1 Kc6 32. Kg1 Rb3 33.
Re7 Nh6 34. Rd1 Rxc3 35. a4 g6 36. Ree1 Nf5 37. Rc1 Rxc1 38. Rxc1+ {[#] Klarer
weißer Vorteil durch Mehrqualität bei offener Stellung. Unklarer Spielverlauf.
Weiß gibt zuviele Bauern auf.} Kb6 39. a5+ Kb7 40. Kg2 Nd4 41. f3 Ne6 42. Kf2
c5 43. Ke3 Kc6 44. Ke4 Nd4 45. Rb1 (45. Ke5 $5 Nxf3+ 46. Kf6 Kb5 47. Kxf7 g5
48. hxg5 Nxg5+ 49. Kg6 Ne4 50. Rg1 {ein beispielhaftes Abspiel (genaue Analyse
nötig!):} Kxa5 51. Kxh5 c4 52. g4 c3 53. Kg6 Nf2 54. Kf5 Nxg4 55. Rxg4 Kb5 56.
Rg8 Kc4 57. Ke4 c2 58. Rc8+ Kb3 59. Kd3 $18) (45. g4 $6 hxg4 46. fxg4 f5+ 47.
gxf5 Nxf5 {und wegen Sg3+ geht weder h5 noch Th1}) 45... Ne2 46. Ke5 c4 47. Rb2
Nxg3 48. Kd4 Nf5+ 49. Kxc4 Nxh4 50. f4 Nf5 51. Kd3 Nd6 52. Kd4 f6 53. Rc2+ Kb5
54. Kd5 Nf5 55. Rb2+ Kxa5 56. Ke6 h4 57. Kxf6 h3 58. Rh2 (58. Kxg6 $5 Nh4+ (
58... Ne3 59. f5 h2 60. Rxh2 Kb4 61. Rh4+ $18) 59. Kh5 Nf3 60. f5 h2 61. Rxh2
Nxh2 62. f6 $18) 58... Kb4 59. Kxg6 Ne3 60. f5 Nd5 61. f6 Nxf6 62. Kxf6 a5 63.
Ke5 a4 64. Kd5 (64. Rxh3 a3 65. Rh8 a2 66. Ra8 Kb3 67. Kd4 Kb2 $10) 64... a3
65. Kd4 Kb3 66. Rxh3+ Kb2 67. Rh2+ Kb3 68. Rh3+ Kb2 69. Kc4 a2 70. Rh2+ Ka3 71.
Rh1 Kb2 72. Kb4 a1=Q 1/2-1/2

[Event "Tan Chin Nam Cup 1st"]
[Site "Beijing"]
[Date "1995.??.??"]
[Round "4"]
[White "Peng, Xiaomin"]
[Black "Wong, Meng Kong"]
[Result "1/2-1/2"]
[WhiteElo "2510"]
[BlackElo "2430"]
[Annotator "Hecht,H"]
[PlyCount "96"]
[EventDate "1995.08.??"]
[EventType "tourn"]
[EventRounds "9"]
[EventCountry "CHN"]
[EventCategory "11"]
[SourceTitle "CBM 049"]
[Source "ChessBase"]
[SourceDate "1995.12.01"]
[SourceVersion "1"]
[SourceVersionDate "1995.12.01"]
[SourceQuality "1"]

1. e4 d5 2. exd5 Nf6 3. d4 Nxd5 4. Nf3 Bg4 5. Be2 e6 6. O-O Be7 7. h3 Bh5 8. c4
Nb6 9. Nc3 Nc6 10. d5 exd5 11. Nxd5 Nxd5 12. cxd5 Bxf3 13. Bxf3 Ne5 14. Be4 Bd6
15. Qh5 Ng6 16. Bg5 Qd7 17. f4 f5 18. Bc2 O-O 19. Rae1 Nh8 20. Bh4 g6 21. Qf3
Qb5 22. Bb3 a5 23. a4 Qb4 24. Kh1 b5 25. Ra1 Rfe8 26. Be1 Qc5 27. Bf2 Qb4 28.
Be1 Qc5 29. Bc3 Nf7 30. Qd3 Re4 31. Qxb5 Qxb5 32. axb5 Rxf4 33. Rxf4 Bxf4 34.
Rxa5 Rxa5 35. Bxa5 {Läuferpaar mit zwei vereinzelten Freibauern; starke
schwarze Blockade und aktiver schwarzer König} Kg7 36. Ba2 Kf6 37. b6 cxb6 38.
Bxb6 Bd6 39. Kg1 Ke5 40. Kf2 Ke4 41. Ke2 Ne5 42. Ba5 Nd7 43. b4 Kd4 44. h4 Nf6
45. Bb6+ Kc3 46. b5 Kb4 47. Bd4 Nd7 48. b6 Kb5 1/2-1/2